|
|
|
|
| LEADER |
00674nam a2200193 a 4500 |
| 001 |
c000260887 |
| 003 |
CARM |
| 005 |
20070518151141.0 |
| 008 |
770608s1979 nyu 000 1 eng d |
| 019 |
1 |
|
|a 50070536
|5 LACONCORD2021
|
| 035 |
|
|
|a (OCoLC)5066616
|5 LACONCORD2021
|
| 040 |
|
|
|a VCAV
|b eng
|c VCAV
|
| 100 |
1 |
|
|a Gerson, Noel B.
|
| 245 |
1 |
0 |
|a The highwayman /
|c Noel B. Gerson.
|
| 260 |
|
|
|a New York :
|b Ace Books,
|c 1979.
|
| 300 |
|
|
|a 308 p.
|
| 852 |
8 |
|
|b CARM
|h A1:AN06A0
|i A04399
|p 0374114
|f BK
|
| 999 |
f |
f |
|i 6c99f382-7c92-56ab-817f-39475ffc466c
|s 0fc3d659-5fec-52e0-81d8-a52460bc8b52
|
| 952 |
f |
f |
|p Can circulate
|a CAVAL
|b CAVAL
|c CAVAL
|d CARM 1 Store
|e A04399
|f A1:AN06A0
|h Other scheme
|i book
|m 0374114
|